Klimatické zmeny ako miestny problém: lokalizácia a implementácia na príklade Kanady

Teoretické východiská riadenia klimatických zmien na miestnej úrovni. Prístupy k riešeniu vplyvov klimatických zmien v Kanade.

Enregistré dans:
Détails bibliographiques
Auteur principal: Švihlová, Dana
Format: Chapitre de livre
Langue:slovaque
Sujets:
Tags: Ajouter un tag
Pas de tags, Soyez le premier à ajouter un tag!

MARC

LEADER 00000naa$a2200000$$$4500
001 0109072
005 20231102113549.4
041 0 |a slo 
044 |a SK 
245 1 0 |a Klimatické zmeny ako miestny problém: lokalizácia a implementácia na príklade Kanady  |c Dana Švihlová 
520 |a Teoretické východiská riadenia klimatických zmien na miestnej úrovni. Prístupy k riešeniu vplyvov klimatických zmien v Kanade. 
610 2 0 |a zmeny klimatické 
610 2 0 |a Kanada 
610 2 0 |a ochrana prostredia životného 
610 2 0 |a politika environmentálna 
100 1 |a Švihlová, Dana